[Event "SJNR-ch U16"]
[Site "Kranenburg"]
[Date "2005.01.04"]
[Round "4"]
[White "Kirschbaum, Alexander"]
[Black "Memili, Selahattin Tuerel"]
[Result "1-0"]
[WhiteElo "1332"]
[BlackElo "1419"]
[PlyCount "55"]
[EventDate "2005.01.02"]
[EventType "swiss"]
[EventRounds "7"]
[EventCountry "GER"]
[SourceTitle "EXT 2007"]
[Source "ChessBase"]
[SourceDate "2006.11.23"]
[SourceVersion "1"]
[SourceVersionDate "2006.11.23"]
[SourceQuality "1"]

1. e4 c5 2. Nf3 a6 3. d4 cxd4 4. Nxd4 Nf6 5. Nc3 e5 6. Nb3 Bb4 7. Bd2 Nc6 8. f3 d5 9. Nxd5 Nxd5 10. exd5 Qxd5 11. a3 Bxd2+ 12. Qxd2 Qxd2+ 13. Nxd2 Be6 14. 0-0-0 Rc8 15. Ne4 Nd4 16. Nd6+ Ke7 17. Nxc8+ Rxc8 18. Bd3 Ba2 19. Kd2 Be6 20. Rhe1 f6 21. Bxh7 Bf5 22. Bxf5 Nxf5 23. Kc1 Kf8 24. Rd7 b5 25. c3 a5 26. Red1 Rc4 27. Rb7 Nd4 28. Kb1 1-0

[Event "SJNR-ch U16"]
[Site "Kranenburg"]
[Date "2005.01.03"]
[Round "2"]
[White "Harff, Marcel"]
[Black "Memili, Selahattin Tuerel"]
[Result "1-0"]
[WhiteElo "1709"]
[BlackElo "1419"]
[PlyCount "59"]
[EventDate "2005.01.02"]
[EventType "swiss"]
[EventRounds "7"]
[EventCountry "GER"]
[SourceTitle "EXT 2007"]
[Source "ChessBase"]
[SourceDate "2006.11.23"]
[SourceVersion "1"]
[SourceVersionDate "2006.11.23"]
[SourceQuality "1"]

1. b4 e6 2. Bb2 Nf6 3. a3 d5 4. e3 Be7 5. c4 c6 6. Nf3 a5 7. b5 Bd7 8. Nc3 Qc7 9. d4 h5 10. Qb3 b6 11. Rc1 Qb7 12. Ne5 cxb5 13. cxb5 Ng4 14. Nd3 Bd6 15. h3 Nf6 16. a4 Bc8 17. Ne5 Nfd7 18. f4 f6 19. Ng6 Rh6 20. Bd3 Nf8 21. Nxf8 Kxf8 22. Kf2 g5 23. Ba3 Qe7 24. Nxd5 Qd8 25. Nxb6 Qxb6 26. Rxc8+ Kf7 27. f5 Bxa3 28. fxe6+ Ke7 29. Qxa3+ Kxe6 30. Re8+ 1-0